000 004260000a22001810004500
003 MACL
005 20160112125851.0
008 160112b xxu||||| |||| 00| 0 eng d
040 _aMACL
_cMACL
041 _aEnglish
082 _a954/DAS
100 _aDas, Gurcharan
_931196
245 _aIndia Unbound
260 _bViking
_c2000
_aNew Delhi
350 _a495
650 _aIndian History
_9227
942 _cBK
_k954/DAS
_2ddc
999 _c38449
_d38449